NBA all 22+ppg regular season players 2023/24 - Statistics

General Stats
  • This quiz has been taken 76 times
  • The average score is 21 of 35
Answer Stats
PPG Player % Correct
25.6 LeBron James
95%
33.9 Luka Doncic
95%
26.4 Nikola Jokic
89%
30.4 Giannis Antetokounmpo
87%
26.4 Stephen Curry
87%
26.9 Jayson Tatum
85%
23.0 Jaylen Brown
80%
28.7 Jalen Brunson
78%
27.1 Kevin Durant
78%
24.9 Anthony Davis
76%
34.7 Joel Embiid
76%
25.9 Anthony Edwards
75%
27.1 Devin Booker
75%
24.3 Damian Lillard
73%
25.6 Kyrie Irving
73%
25.7 Trae Young
71%
30.1 Shai Gilgeous-Alexander
67%
23.7 Kawhi Leonard
64%
22.5 Dejounte Murray
62%
26.6 Donovan Mitchell
62%
22.6 Paul George
62%
26.6 De'Aaron Fox
53%
22.6 Paolo Banchero
53%
25.9 Tyrese Maxey
51%
24.0 DeMar DeRozan
49%
25.1 Ja Morant
47%
24.0 Julius Randle
36%
22.9 Zion Williamson
31%
22.5 Cam Thomas
27%
22.7 Cade Cunningham
25%
22,2 Kyle Kuzma
22%
23.2 Lauri Markkanen
22%
23.7 Desmond Bane
18%
22.6 Anfernee Simons
11%
22.5 Jaren Jackson Jr
5%
No matching quizzes found
Score Distribution
Percent of People with Each Score
Percentile by Number Answered
Your Score History
You have not taken this quiz